000
00285nam a22001097a 4500
008
230608b xxu||||| |||| 00| 0 eng d
082
_a
370.751
_b
9MES
245
_a
Education in Korea
260
_a
Korea
_b
Ministry of Education, Science Technology
_c
2009
300
_a
206p
942
_2
ddc
_c
BK
999
_c
848
_d
848